DC Movies - Statistics

General Stats
  • This quiz has been taken 129 times
    19 since last reset
  • The average score is 33 of 42
Answer Stats
Year of Release Production Company Movie % Correct
1966 20th Century Fox/Greenlawn Productions Batman
100%
1989 Warner Bros./PolyGram Filmed Entertainment Batman
100%
2005 Warner Bros./DC Comics/Legendary Pictures/Syncopy Inc./Patalex III Productions Batman Begins
100%
2017 Warner Bros./DC Films/RatPac Entertainment/Atlas Entertainment/Cruel and Unusual Films Justice League
100%
2019 New Line Cinema/DC Films/The Safran Company/Mad Ghost Productions Shazam!
100%
2016 Warner Bros./DC Films/RatPac Entertainment/Atlas Entertainment Suicide Squad
100%
1978 Dovemead Film Export A.G./International Film Productions Superman
100%
2025 Warner Bros./DC Studios/Troll Court Entertainment/The Safran Company Superman
100%
2022 Warner Bros./DC Films/6th and Idaho Productions/Dylan Clark Productions The Batman
100%
2008 Warner Bros./DC Comics/Legendary Pictures/Syncopy Inc. The Dark Knight
100%
2021 Warner Bros./DC Films/Atlas Entertainment/The Safran Company/Troll Court Entertainment The Suicide Squad
100%
2017 Warner Bros./DC Films/RatPac Entertainment/Atlas Entertainment/Cruel and Unusual Films/Tencent Pictures/Wanda Media Wonder Woman
100%
2018 Warner Bros./DC Films/Peter Safran Productions Aquaman
89%
1997 Warner Bros./PolyGram Filmed Entertainment Batman & Robin
89%
2022 New Line Cinema/DC Films/Seven Bucks Productions/FlynnPictureCo. Black Adam
89%
2011 Warner Bros./DC Entertainment/De Line Pictures Green Lantern
89%
2013 Warner Bros./DC Entertainment/Legendary Pictures/Cruel and Unusual Films/Syncopy Inc. Man of Steel
89%
2023 Warner Bros./DC Studios/The Disco Factory/Double Dream The Flash
89%
2023 Warner Bros./DC Studios/The Safran Company/Domain Entertainment/Atomic Monster Aquaman and the Lost Kingdom
78%
1995 Warner Bros./PolyGram Filmed Entertainment Batman Forever
78%
2016 Warner Bros./DC Entertainment/RatPac Entertainment/Cruel and Unusual Films/Atlas Entertainment Batman v Superman: Dawn of Justice
78%
2020 Warner Bros./DC Films/LuckyChap Entertainment/Kroll & Co. Entertainment/Clubhouse Pictures Birds of Prey
78%
2023 Warner Bros./DC Studios/Entertainment One/S&K Pictures/The Safran Company Blue Beetle
78%
2019 Warner Bros./DC Films/Village Roadshow Pictures/Bron Creative/Joint Effort Productions Joker
78%
1984 Artistry Ltd/Cantharus Productions/Pueblo Film Group Supergirl
78%
1980 Dovemead Film Export A.G./International Film Productions Superman II
78%
1983 Cantharus Productions N.V./Dovemead Films Superman III
78%
1987 Golan-Globus/Cannon Films Superman IV: The Quest for Peace
78%
2012 Warner Bros./DC Entertainment/Legendary Pictures/Syncopy Inc. The Dark Knight Rises
78%
2009 Warner Bros./Paramount Pictures/DC Comics/Legendary Pictures/Lawrence Gordon Productions/Cruel and Unusual Films Watchmen
78%
2020 Warner Bros./DC Films/The Stone Quarry/Mad Ghost Productions/Atlas Entertainment Wonder Woman 1984
78%
1992 Warner Bros./PolyGram Filmed Entertainment Batman Returns
67%
2004 Warner Bros./Village Roadshow Pictures/Di Novi Pictures/Frantic Films/Maple Shade Films Catwoman
67%
2005 Warner Bros./Village Roadshow Pictures/The Donners' Company/Batfilm Productions/3 Arts Entertainment Constantine
67%
2023 New Line Cinema/DC Studios/The Safran Company/Mad Ghost Productions Shazam! Fury of the Gods
67%
2024 Warner Bros./DC Studios/Joint Effort Joker: Folie a Deux
56%
1997 Warner Bros./Quincy-David Salzman Entertainment Steel
56%
2006 Warner Bros./DC Comics/Legendary Pictures/Bad Hat Harry Productions Superman Returns
56%
2010 Warner Bros./DC Entertainment/Legendary Pictures/Weed Road Pictures Jonah Hex
44%
1982 Embassy Pictures Swamp Thing
44%
1989 Lightyear Entertainment The Return of Swamp Thing
44%
1951 Lippert Pictures Superman and the Mole Men
33%
No matching quizzes found
Score Distribution
Percent of People with Each Score
Percentile by Number Answered
Your Score History
You have not taken this quiz since the last reset